Terraria Spears - Statistics

General Stats
  • This quiz has been taken 30 times
    23 since last reset
  • The average score is 13 of 18
Answer Stats
Hint Hint Answer % Correct
Pre-Hardmode Surface or Underground Chests Spear
100%
Pre-Hardmode Water Chests and Ocean/Seaside Crates Trident
89%
Hardmode Bought from the Truffle after 1 Mechanical Boss has been defeated Mushroom Spear
83%
Hardmode Crafted with 12 Hallowed Bars Gungnir
78%
Hardmode Fished in Lava Obsidian Swordfish
78%
Pre-Hardmode Fished in the Ocean Swordfish
78%
Pre-Hardmode Dropped by Crimson Hearts and Hermatic Crates The Rotted Fork
78%
Hardmode Crafted with 10 Cobalt Bars Cobalt Naginata
72%
Hardmode Crafted with 10 Mythril Bars Mythril Halberd
72%
Hardmode Crafted with 12 Palladium Bars Palladium Pike
72%
Hardmode Crafted with 12 Chlorophyte Bars Chlorophyte Partisan
67%
Pre-Hardmode Found in Shadow Chests and Obsidian Lock Boxes Dark Lance
67%
Hardmode Dropped from Ice Queen North Pole
67%
Hardmode Crafted with 12 Orichalcum Bars Orichalcum Halberd
67%
Hardmode Crafted with 12 Adamantite Bars Adamantite Glaive
61%
Pre-Hardmode Sandstone Chests and Oasis/Mirage Crates Storm Spear
61%
Hardmode Crafted with 13 Titanium Bars Titanium Trident
61%
Hardmode Dropped from Ogre Ghastly Glaive
22%
No matching quizzes found
Score Distribution
Percent of People with Each Score
Percentile by Number Answered
Your Score History
You have not taken this quiz since the last reset